Normal view
MARC view
- Pakistan
Entry Geographic Name
001 - CONTROL NUMBER
- control field: 6629
003 - CONTROL NUMBER IDENTIFIER
- control field: NUST
005 - DATE AND TIME OF LATEST TRANSACTION
- control field: 20171122101339.0
008 - FIXED-LENGTH DATA ELEMENTS
- fixed length control field: 171122|| aca||aabn | a|a d
040 ## - CATALOGING SOURCE
- Original cataloging agency: NUST
- Transcribing agency: NUST
151 ## - HEADING--GEOGRAPHIC NAME
- Geographic name: Pakistan
- General subdivision: Politics and government
- Chronological subdivision: 1971-1988.
670 ## - SOURCE DATA FOUND
- Source citation: Work cat.: (NUST)0: Bhutto, Benazir, 1953-2007. 6627, Daughter of the East :, 2007.
